<?xml version="1.0" encoding="UTF-8"?>
<record
    xmlns:xsi="http://www.w3.org/2001/XMLSchema-instance"
    xsi:schemaLocation="http://www.loc.gov/MARC21/slim http://www.loc.gov/standards/marcxml/schema/MARC21slim.xsd"
    xmlns="http://www.loc.gov/MARC21/slim">

  <leader>00679nam a22002412  4500</leader>
  <controlfield tag="001">0000023995</controlfield>
  <controlfield tag="003">OSt</controlfield>
  <controlfield tag="005">20250616123740.0</controlfield>
  <controlfield tag="008">250616s         xx           000 0 eng d</controlfield>
  <datafield tag="020" ind1=" " ind2=" ">
    <subfield code="a">9780198829980</subfield>
  </datafield>
  <datafield tag="040" ind1=" " ind2=" ">
    <subfield code="a">KABU</subfield>
    <subfield code="c">KABU</subfield>
  </datafield>
  <datafield tag="050" ind1=" " ind2=" ">
    <subfield code="a">QD33.2</subfield>
    <subfield code="b">.C44 2021</subfield>
  </datafield>
  <datafield tag="245" ind1="1" ind2="0">
    <subfield code="a">Chemistry :</subfield>
    <subfield code="b">introducing inorganic, organic and physical chemistry /</subfield>
    <subfield code="c">Andrew Burrows ... [et al.].</subfield>
  </datafield>
  <datafield tag="250" ind1=" " ind2=" ">
    <subfield code="a">4th ed.</subfield>
  </datafield>
  <datafield tag="260" ind1=" " ind2=" ">
    <subfield code="a">Oxford :</subfield>
    <subfield code="b">O. U. P.,</subfield>
    <subfield code="c">2021.</subfield>
  </datafield>
  <datafield tag="300" ind1=" " ind2=" ">
    <subfield code="a">xxii, 1404  p.</subfield>
  </datafield>
  <datafield tag="500" ind1=" " ind2=" ">
    <subfield code="a">Includes index</subfield>
  </datafield>
  <datafield tag="650" ind1=" " ind2="0">
    <subfield code="a">Chemistry.</subfield>
  </datafield>
  <datafield tag="700" ind1="1" ind2=" ">
    <subfield code="a">Burrows, Andrew.</subfield>
  </datafield>
  <datafield tag="908" ind1=" " ind2=" ">
    <subfield code="a">130424</subfield>
  </datafield>
  <datafield tag="942" ind1=" " ind2=" ">
    <subfield code="2">lcc</subfield>
    <subfield code="c">BK</subfield>
  </datafield>
  <datafield tag="999" ind1=" " ind2=" ">
    <subfield code="c">20736</subfield>
    <subfield code="d">20735</subfield>
  </datafield>
  <datafield tag="952" ind1=" " ind2=" ">
    <subfield code="0">0</subfield>
    <subfield code="1">0</subfield>
    <subfield code="2">lcc</subfield>
    <subfield code="7">0</subfield>
    <subfield code="a">KABU</subfield>
    <subfield code="b">KABU</subfield>
    <subfield code="d">2025-06-16</subfield>
    <subfield code="g">11940.00</subfield>
    <subfield code="i">2025/2158</subfield>
    <subfield code="l">0</subfield>
    <subfield code="o">QD33.2 .C44 2021 C.1</subfield>
    <subfield code="p">33107</subfield>
    <subfield code="r">2025-06-16 12:33:58</subfield>
    <subfield code="t">C.1</subfield>
    <subfield code="w">2025-06-16</subfield>
    <subfield code="y">BK</subfield>
  </datafield>
  <datafield tag="952" ind1=" " ind2=" ">
    <subfield code="0">0</subfield>
    <subfield code="1">0</subfield>
    <subfield code="2">lcc</subfield>
    <subfield code="7">0</subfield>
    <subfield code="a">KABU</subfield>
    <subfield code="b">KABU</subfield>
    <subfield code="d">2025-06-16</subfield>
    <subfield code="g">11940.00</subfield>
    <subfield code="i">2025/2157</subfield>
    <subfield code="l">1</subfield>
    <subfield code="o">QD33.2 .C44 2021 C.2</subfield>
    <subfield code="p">33105</subfield>
    <subfield code="r">2025-11-18 10:03:13</subfield>
    <subfield code="s">2025-10-19</subfield>
    <subfield code="t">C.2</subfield>
    <subfield code="w">2025-06-16</subfield>
    <subfield code="y">BK</subfield>
  </datafield>
  <datafield tag="952" ind1=" " ind2=" ">
    <subfield code="0">0</subfield>
    <subfield code="1">0</subfield>
    <subfield code="2">lcc</subfield>
    <subfield code="7">0</subfield>
    <subfield code="a">KABU</subfield>
    <subfield code="b">KABU</subfield>
    <subfield code="d">2025-06-16</subfield>
    <subfield code="g">11940.00</subfield>
    <subfield code="i">2025/2159</subfield>
    <subfield code="l">0</subfield>
    <subfield code="o">QD33.2 .C44 2021 C.3</subfield>
    <subfield code="p">33106</subfield>
    <subfield code="r">2025-06-16 12:33:58</subfield>
    <subfield code="t">C.3</subfield>
    <subfield code="w">2025-06-16</subfield>
    <subfield code="y">BK</subfield>
  </datafield>
</record>
